Every Song by Roxy Music - Statistics

General Stats
  • This quiz has been taken 33 times
  • The average score is 45 of 88
Answer Stats
Album Song % Correct
Avalon(1982) Avalon
90%
Flesh + Blood(1980) Flesh and Blood
90%
Country Life(1974) The Thrill of It All
90%
Stranded(1973) A Song for Europe
85%
For Your Pleasure(1973) Do the Strand
85%
For Your Pleasure(1973) For Your Pleasure
85%
For Your Pleasure(1973) In Every Dream Home a Heartache
85%
Siren(1975) Love Is the Drug
85%
Manifesto(1979) Manifesto
85%
Roxy Music(1972) Sea Breezes
85%
Roxy Music(US)(1972) Virginia Plain
85%
Country Life(1974) All I Want Is You
80%
Country Life(1974) Out of the Blue
80%
Roxy Music(1972) 2HB
75%
Stranded(1973) Amazona
75%
For Your Pleasure(1973) Grey Lagoons
75%
Roxy Music(1972) If There Is Something
75%
Avalon(1982) More Than This
75%
Flesh + Blood(1980) Oh Yeah
75%
Country Life(1974) Triptych
75%
Manifesto(1979) Angel Eyes
70%
Avalon(1982) India
70%
Roxy Music(1972) Ladytron
70%
Country Life(1974) Prairie Rose
70%
Stranded(1973) Psalm
70%
Viva!(1976) Pyjamarama
70%
Roxy Music(1972) Re-Make/Re-Model
70%
Avalon(1982) The Space Between
70%
Stranded(1973) Mother of Pearl
65%
Flesh + Blood(1980) Over You
65%
Flesh + Blood(1980) Same Old Scene
65%
Avalon(1982) Tara
65%
Roxy Music(1972) The Bob (Medley)
65%
For Your Pleasure(1973) The Bogus Man
65%
Avalon(1982) The Main Thing
65%
Country Life(1974) Three and Nine
65%
For Your Pleasure(1973) Beauty Queen
60%
Siren(1975) Both Ends Burning
60%
Country Life(1974) Casanova
60%
Roxy Music(1972) Chance Meeting
60%
Stranded(1973) Street Life
60%
Avalon(1982) While My Heart Is Still Beating
60%
Country Life(1974) Bitter-Sweet
55%
For Your Pleasure(1973) Editions of You
55%
Flesh + Blood(1980) Eight Miles High
55%
Flesh + Blood(1980) In the Midnight Hour
55%
Siren(1975) Sentimental Fool
55%
Avalon(1982) Take a Chance with Me
55%
Manifesto(1979) Trash
55%
Roxy Music(1972) Bitters End
50%
Manifesto(1979) Cry, Cry, Cry
50%
Manifesto(1979) Dance Away
50%
Country Life(1974) If It Takes All Night
50%
Stranded(1973) Sunset
50%
Avalon(1982) To Turn You On
50%
Avalon(1982) True to Life
50%
Manifesto(1979) My Little Girl
45%
Flesh + Blood(1980) My Only Love
45%
Roxy Music(1972) Would You Believe?
45%
Siren(1975) Could It Happen to Me?
40%
Flesh + Blood(1980) Rain Rain Rain
40%
Stranded(1973) Serenade
40%
Manifesto(1979) Ain't That So
35%
Manifesto(1979) Spin Me Round
35%
Siren(1975) Whirlwind
35%
Country Life(1974) A Really Good Time
30%
Siren(1975) End of the Line
30%
Stranded(1973) Just Like You
30%
Siren(1975) She Sells
30%
Manifesto(1979) Still Falls the Rain
30%
For Your Pleasure(1973) Strictly Confidential
30%
Siren(1975) Just Another High
20%
Flesh + Blood(1980) Running Wild
20%
The Thrill of It All(1995) Lover
15%
Siren(1975) Nightingale
15%
Manifesto(1979) Stronger Through the Years
15%
The Thrill of It All(1995) Sultanesque
15%
The Thrill of It All(1995) Hula Kula
10%
The Thrill of It All(1995) Your Application's Failed
10%
Non-Album(1980) Giddy Up
5%
Heart Still Beating(1990) Impossible Guitar
5%
Flesh + Blood(1980) No Strange Delight
5%
The Thrill of It All(1995) Always Unknowing
0%
The High Road(1983) Can't Let Go
0%
The Ultimate Collection(1988) Help Me
0%
The Thrill of It All(1995) South Downs
0%
The Thrill of It All(1995) The Pride and the Pain
0%
The Thrill of It All(1995) Trash 2
0%
No matching quizzes found
Score Distribution
Percent of People with Each Score
Percentile by Number Answered
Your Score History
You have not taken this quiz